00703nam a2200205Ia 4500008004100000040001900041041001200060082002800072100002400100245006300124260004300187300002100230630004800251650001100299651002300310850002600333942000700359999001700366952011400383131103s9999 xx 000 0 und d aLoreto College aEnglish a891.431/PRA-DIWbLCLIB/ aDwibedi,Ram Rajpal  aPrasad evam Pant ka tulnatmak vivechancRam Rajpal Dwibedi aAgrabSaraswati Pustak Sadanc[19 - ?] a366 p. c 16 cm. aHindi poetry - Criticism and interpretation aPrasad aPant,Sumitranandan aLCLIB/891.431/PRA-DWI cBK c19073d69552 00104070aMAINbMAINd2013-11-04l1o891.431/PRA-DIW LCLIB/pB19973r2016-09-09s2016-09-09w2013-11-04yBK